Risk Middle East

Detalles Bibliográficos
Formato: Electrónico Revista
Lenguaje:inglés
Publicado: London : Incisive Media Plc
Materias:
Acceso en línea:Full text available from Research Library: 10/01/2009 to 10/31/2009

MARC

LEADER 00000nas a2200000 i 4500
001 ssj0001077884
003 WaSeSS
005 20200512172242.0
006 m d
007 cr n
008 140107u20uuuuuuenka| p|s|||||| |0eng d
035 |a (WaSeSS)ssj0001077884 
040 |a WaSeSS  |b eng  |c WaSeSS  |d WaSeSS 
043 |a aw----- 
050 1 4 |a KMC244.3 
245 0 0 |a Risk Middle East  |h [electronic resource]. 
260 |a London :  |b Incisive Media Plc 
310 |a Annual 
506 |a License restrictions may limit access. 
588 |a Description based on: October 2009; title from article pdf (ProQuest, viewed Jan. 7, 2014). 
588 |a Latest issue consulted: October 2009 (viewed Jan. 7, 2014). 
650 0 |a Securities  |z Middle East  |v Periodicals. 
650 0 |a Risk management  |z Middle East  |v Periodicals. 
650 0 |a Venture capital  |z Middle East  |v Periodicals. 
655 0 |a Electronic journals. 
856 4 0 |z Full text available from Research Library: 10/01/2009 to 10/31/2009  |u https://search.proquest.com/publication/55099